[Event "BL2-Sued 2223"]
[Site "Germany"]
[Date "2022.11.27"]
[Round "4.8"]
[White "Hauser, Carlos"]
[Black "Hauck, Heiko"]
[Result "1-0"]
[WhiteElo "2223"]
[BlackElo "2082"]
[PlyCount "55"]
[EventDate "2022.10.22"]
[EventType "team-tourn"]
[EventRounds "9"]
[EventCountry "GER"]
[SourceTitle "EXT 2024"]
[Source "ChessBase"]
[SourceDate "2023.10.10"]
[SourceVersion "1"]
[SourceVersionDate "2023.10.10"]
[SourceQuality "1"]
[WhiteTeam "Walldorf"]
[BlackTeam "Speyer Schwegenheim"]
[WhiteTeamCountry "GER"]
[BlackTeamCountry "GER"]

1. d4 d5 2. c4 e6 3. Nc3 f5 4. Bf4 Bd6 5. e3 Nf6 6. Nf3 0-0 7. Bd3 Nc6 8. 0-0 Ne4 9. Rc1 Bxf4 10. exf4 Ne7 11. Ne5 c6 12. f3 Nf6 13. c5 Nh5 14. Qd2 Rf6 15. g4 Nxf4 16. Qxf4 Ng6 17. Nxg6 Rxg6 18. Kh1 Qh4 19. Qe5 Bd7 20. Rg1 Rf8 21. gxf5 exf5 22. Rxg6 hxg6 23. Ne2 f4 24. Bxg6 Rf6 25. Qh5 Qf2 26. Qh7+ Kf8 27. Qh8+ Ke7 28. Qxg7+ 1-0

[Event "BL2-Sued 2122"]
[Site "Germany"]
[Date "2022.04.30"]
[Round "3.6"]
[White "Inkiov, Ventzislav"]
[Black "Hauser, Carlos"]
[Result "1-0"]
[WhiteElo "2418"]
[BlackElo "2249"]
[PlyCount "81"]
[EventDate "2022.03.05"]
[EventType "team-tourn"]
[EventRounds "10"]
[EventCountry "GER"]
[SourceTitle "EXT 2023"]
[Source "ChessBase"]
[SourceDate "2022.10.05"]
[SourceVersion "1"]
[SourceVersionDate "2022.10.05"]
[SourceQuality "1"]
[WhiteTeam "Oetigheim"]
[BlackTeam "Walldorf"]
[WhiteTeamCountry "GER"]
[BlackTeamCountry "GER"]

1. d4 d5 2. c4 c6 3. Nf3 Nf6 4. Nc3 dxc4 5. a4 Bf5 6. Nh4 e6 7. Nxf5 exf5 8. e3 Bb4 9. Bxc4 0-0 10. 0-0 Nbd7 11. h3 Qe7 12. a5 Ne4 13. a6 b6 14. Qc2 Ndf6 15. Bd3 c5 16. Qb3 cxd4 17. exd4 Rfd8 18. Nb5 Bd2 19. Bxe4 Nxe4 20. Rd1 Bb4 21. Bf4 Rd7 22. Rac1 Re8 23. Rc2 g5 24. Be5 Qxe5 25. dxe5 Rxd1+ 26. Kh2 Rd2 27. Rc7 Be7 28. f3 Nc5 29. Qc3 Rd3 30. Qc2 Rd5 31. Qxf5 Ne6 32. Nd6 Rxd6 33. Rxe7 Rxe7 34. exd6 Rd7 35. Qe5 h6 36. g3 Ng7 37. f4 gxf4 38. gxf4 Kf8 39. f5 Kg8 40. Kg2 Kf8 41. Kf3 1-0

[Event "Oberliga Baden 1819"]
[Site "Baden"]
[Date "2019.04.07"]
[Round "9.7"]
[White "Muetsch, Annmarie"]
[Black "Hauser, Carlos"]
[Result "1-0"]
[WhiteElo "2206"]
[BlackElo "2277"]
[PlyCount "49"]
[EventDate "2018.10.21"]
[EventType "team-tourn"]
[EventRounds "9"]
[EventCountry "GER"]
[SourceTitle "EXT 2020"]
[Source "ChessBase"]
[SourceDate "2019.10.17"]
[SourceVersion "1"]
[SourceVersionDate "2019.10.17"]
[SourceQuality "1"]
[WhiteTeam "Viernheim II"]
[BlackTeam "Walldorf"]
[WhiteTeamCountry "GER"]
[BlackTeamCountry "GER"]

1. e4 c5 2. Nc3 Nc6 3. Nf3 Nf6 4. d4 cxd4 5. Nxd4 e5 6. Ndb5 d6 7. Bg5 a6 8. Na3 b5 9. Bxf6 gxf6 10. Nd5 Bg7 11. Bd3 Be6 12. 0-0 Bxd5 13. exd5 Ne7 14. Qg4 0-0 15. c4 Qc8 16. Qxc8 Raxc8 17. cxb5 Nxd5 18. Be4 Rc5 19. bxa6 f5 20. Bxd5 Rxd5 21. b4 Rd4 22. Rab1 Ra8 23. Nb5 Rd2 24. Nc7 Ra7 25. b5 1-0

[Event "Oberliga Baden 1617"]
[Site "Baden"]
[Date "2017.05.07"]
[Round "9.5"]
[White "Hauser, Carlos"]
[Black "Stankovic, Zeljko"]
[Result "1-0"]
[WhiteElo "2226"]
[BlackElo "2224"]
[PlyCount "95"]
[EventDate "2016.10.16"]
[EventType "team-tourn"]
[EventRounds "9"]
[EventCountry "GER"]
[SourceTitle "EXT 2018"]
[Source "ChessBase"]
[SourceDate "2017.10.13"]
[SourceVersion "1"]
[SourceVersionDate "2017.10.13"]
[SourceQuality "1"]
[WhiteTeam "Walldorf"]
[BlackTeam "Dreisamtal"]
[WhiteTeamCountry "GER"]
[BlackTeamCountry "GER"]

1. d4 Nf6 2. c4 e6 3. Nc3 Bb4 4. Qc2 d5 5. cxd5 Qxd5 6. Nf3 Qf5 7. Qxf5 exf5 8. Bd2 c6 9. e3 Nbd7 10. Bd3 Nb6 11. Ke2 Be6 12. Nb5 cxb5 13. Bxb5+ Bd7 14. Bxd7+ Kxd7 15. Ne5+ Ke6 16. Bxb4 Nbd5 17. Bd2 Ne4 18. Nd3 Rac8 19. Rhc1 f6 20. Rxc8 Rxc8 21. Rc1 Rxc1 22. Bxc1 b6 23. Bd2 g5 24. Bb4 g4 25. f3 Ng5 26. Be1 h5 27. Bg3 Kd7 28. Nf4 Nxf4+ 29. Bxf4 Ne6 30. Bg3 b5 31. Kd3 Ng5 32. Ke2 Ke6 33. Bf4 gxf3+ 34. gxf3 Nh3 35. Bh6 Kd5 36. Bg7 Ke6 37. f4 Kd5 38. Kf3 Ng1+ 39. Kf2 Nh3+ 40. Kg2 Nxf4+ 41. exf4 Kxd4 42. Bxf6+ Ke3 43. Be5 b4 44. Kg3 a5 45. a3 b3 46. Kh4 Kf3 47. Kxh5 Kg2 48. h4 1-0

[Event "Oberliga Baden 1516"]
[Site "Baden"]
[Date "2015.09.20"]
[Round "1.3"]
[White "Hauser, Carlos"]
[Black "Nippgen, Georg"]
[Result "1/2-1/2"]
[WhiteElo "2248"]
[BlackElo "2234"]
[PlyCount "119"]
[EventDate "2015.09.20"]
[EventType "team-tourn"]
[EventRounds "9"]
[EventCountry "GER"]
[SourceTitle "EXT 2018"]
[Source "ChessBase"]
[SourceDate "2017.10.13"]
[SourceVersion "1"]
[SourceVersionDate "2017.10.13"]
[SourceQuality "1"]
[WhiteTeam "Walldorf"]
[BlackTeam "Handschuhsheim"]
[WhiteTeamCountry "GER"]
[BlackTeamCountry "GER"]

1. d4 Nf6 2. c4 e6 3. Nc3 Bb4 4. Qc2 c5 5. dxc5 0-0 6. a3 Bxc5 7. Nf3 b6 8. Bf4 Nc6 9. e3 Nh5 10. Bg5 Be7 11. Bxe7 Qxe7 12. Be2 Bb7 13. 0-0-0 Rfc8 14. Kb1 Nf6 15. Qd2 Na5 16. Ne5 d5 17. cxd5 Nxd5 18. Nxd5 Bxd5 19. Bf3 Nb3 20. Qe2 Qg5 21. Bxd5 exd5 22. f4 Qf5+ 23. Qd3 Qe4 24. Ka2 Qxd3 25. Nxd3 Na5 26. Nb4 Kf8 27. Rxd5 Nc4 28. Rd3 Re8 29. Re1 Re4 30. b3 Na5 31. Rd4 Rxd4 32. exd4 Rd8 33. d5 Nb7 34. Rd1 a5 35. Nc6 Re8 36. Ne5 f6 37. Nd7+ Kf7 38. Nxb6 Re2+ 39. Kb1 Rxg2 40. d6 Re2 41. Nc4 Ke8 42. Rd5 a4 43. bxa4 Re4 44. d7+ Kd8 45. Nb2 Re6 46. a5 Rd6 47. Rxd6 Nxd6 48. a6 Nb5 49. a4 Nc7 50. a7 Kxd7 51. Nd3 Kc6 52. Kc2 Kb6 53. f5 Kxa7 54. Nf4 Ne8 55. Ne6 g5 56. fxg6 hxg6 57. h4 Nd6 58. Nf4 g5 59. hxg5 fxg5 60. Ne6 1/2-1/2

[Event "Oberliga Baden 1415"]
[Site "Baden"]
[Date "2014.09.21"]
[Round "1.4"]
[White "Hauser, Carlos"]
[Black "Welz, Thomas"]
[Result "1-0"]
[WhiteElo "2215"]
[BlackElo "2210"]
[PlyCount "49"]
[EventDate "2014.09.21"]
[EventType "team-tourn"]
[EventRounds "9"]
[EventCountry "GER"]
[SourceTitle "EXT 2016"]
[Source "ChessBase"]
[SourceDate "2015.10.08"]
[SourceVersion "1"]
[SourceVersionDate "2015.10.08"]
[SourceQuality "1"]
[WhiteTeam "Walldorf"]
[BlackTeam "Eppingen II"]
[WhiteTeamCountry "GER"]
[BlackTeamCountry "GER"]

1. d4 c6 2. c4 d5 3. Nf3 e6 4. Nc3 Nd7 5. e4 dxc4 6. Bxc4 Ngf6 7. 0-0 Be7 8. Re1 b5 9. Bd3 b4 10. e5 bxc3 11. exf6 Nxf6 12. bxc3 0-0 13. Ne5 Qc7 14. Qf3 Bb7 15. Qh3 Rfe8 16. Bh6 Bd8 17. Bf4 Qc8 18. Re3 Kf8 19. Rg3 g6 20. Qh6+ Ke7 21. Bg5 Kd6 22. Nxf7+ Kc7 23. Bf4+ Kb6 24. Nd6 Qd7 25. Rb1+ 1-0

[Event "GER CupT Baden final"]
[Site "Baden"]
[Date "2014.07.19"]
[Round "4.1"]
[White "Hauser, Carlos"]
[Black "Welz, Thomas"]
[Result "1-0"]
[WhiteElo "2215"]
[BlackElo "2210"]
[PlyCount "80"]
[EventDate "2014.05.04"]
[EventType "team-k.o."]
[EventRounds "5"]
[EventCountry "GER"]
[SourceTitle "EXT 2015"]
[Source "ChessBase"]
[SourceDate "2014.11.20"]
[SourceVersion "1"]
[SourceVersionDate "2014.11.20"]
[SourceQuality "1"]
[WhiteTeam "Walldorf"]
[BlackTeam "Eppingen"]
[WhiteTeamCountry "GER"]
[BlackTeamCountry "GER"]

1. d4 d5 2. c4 c6 3. Nf3 Nf6 4. Nc3 e6 5. Bg5 h6 6. Bh4 Nbd7 7. e3 Qa5 8. Nd2 Be7 9. Bd3 a6 10. 0-0 b5 11. cxd5 cxd5 12. e4 b4 13. Ne2 dxe4 14. Nxe4 Bb7 15. Bxf6 gxf6 16. Nd2 Rg8 17. Be4 Bxe4 18. Nxe4 Qd5 19. N4g3 Bd6 20. a3 bxa3 21. bxa3 Rc8 22. Qd2 Qg5 23. Qd3 Ke7 24. Qxa6 h5 25. Qxd6+ Kxd6 26. Ne4+ Kd5 27. Nxg5 fxg5 28. f4 Rc2 29. Rf2 g4 30. f5 Kc4 31. Rb1 Rc8 32. fxe6 fxe6 33. Nf4 Rxf2 34. Kxf2 Kxd4 35. Nxh5 Rc2+ 36. Kg3 Ne5 37. Rd1+ Ke4 38. Nf6+ Kf5 39. Rf1+ Kg5 40. Ne4+ Kg6 1-0

[Event "Verbandsliga Nord Baden 1314"]
[Site "Germany"]
[Date "2014.01.12"]
[Round "4.1"]
[White "Volodin, Ivan"]
[Black "Hauser, Carlos"]
[Result "1-0"]
[WhiteElo "2265"]
[BlackElo "2228"]
[PlyCount "111"]
[EventDate "2013.10.20"]
[EventType "team-tourn"]
[EventRounds "9"]
[EventCountry "GER"]
[SourceTitle "EXT 2015"]
[Source "ChessBase"]
[SourceDate "2014.11.20"]
[SourceVersion "1"]
[SourceVersionDate "2014.11.20"]
[SourceQuality "1"]
[WhiteTeam "Heidelberg"]
[BlackTeam "Walldorf"]
[WhiteTeamCountry "GER"]
[BlackTeamCountry "GER"]

1. d4 d5 2. Nf3 Nf6 3. Bf4 c6 4. e3 g6 5. Bd3 Bg7 6. h3 0-0 7. 0-0 c5 8. c3 Nc6 9. Nbd2 b6 10. Ne5 Bb7 11. Qa4 Nxe5 12. Bxe5 Bh6 13. Rfd1 Nd7 14. Bg3 a6 15. Bf1 Qe8 16. Qb3 c4 17. Qc2 Nf6 18. Bf4 Bxf4 19. exf4 Bc8 20. Nf3 Nh5 21. Qd2 Qc6 22. Ne5 Qd6 23. g3 f6 24. Bg2 Be6 25. Nf3 Ng7 26. Re1 Bf5 27. b3 b5 28. Nh2 Qd7 29. Ng4 Bxg4 30. hxg4 e6 31. bxc4 bxc4 32. Rab1 Rab8 33. Rb2 Rb7 34. Rxb7 Qxb7 35. f5 exf5 36. Qf4 Rd8 37. gxf5 g5 38. Qe3 Re8 39. Qd2 Rxe1+ 40. Qxe1 Kf7 41. g4 Qd7 42. Qb1 Ne8 43. Qb8 Ke7 44. Qa8 Nc7 45. Qh8 Qd6 46. Qxh7+ Kd8 47. Bf3 Kc8 48. Kg2 Kb7 49. Qg8 Kc6 50. Qc8 Qe7 51. Kf1 Qd6 52. Kg2 Qe7 53. Bd1 Qe4+ 54. f3 Qe1 55. Ba4+ Kb6 56. Qb8+ 1-0

[Event "Verbandsliga Nord Baden 1213"]
[Site "Baden"]
[Date "2013.01.27"]
[Round "5.1"]
[White "Hauser, Carlos"]
[Black "Tschann, Stephan"]
[Result "1/2-1/2"]
[WhiteElo "2213"]
[BlackElo "2224"]
[PlyCount "29"]
[EventDate "2012.10.21"]
[EventType "team-tourn"]
[EventRounds "9"]
[EventCountry "GER"]
[SourceTitle "EXT 2014"]
[Source "ChessBase"]
[SourceDate "2013.11.20"]
[SourceVersion "1"]
[SourceVersionDate "2013.11.20"]
[SourceQuality "1"]
[WhiteTeam "Walldorf"]
[BlackTeam "Slavija KA"]
[WhiteTeamCountry "GER"]
[BlackTeamCountry "GER"]

1. d4 d5 2. c4 e6 3. Nc3 Be7 4. cxd5 exd5 5. Bf4 Nf6 6. Qc2 c5 7. dxc5 Bxc5 8. e3 0-0 9. Nf3 Nc6 10. Be2 d4 11. exd4 Nxd4 12. Nxd4 Qxd4 13. Be3 Qe5 14. Bxc5 Qxc5 15. 0-0 1/2-1/2

[Event "Neckar op-A 16th"]
[Site "Deizisau"]
[Date "2012.04.06"]
[Round "2"]
[White "Hauser, Carlos"]
[Black "Perunovic, Milos"]
[Result "0-1"]
[WhiteElo "2209"]
[BlackElo "2582"]
[PlyCount "56"]
[EventDate "2012.04.05"]
[EventType "swiss"]
[EventRounds "9"]
[EventCountry "GER"]
[SourceTitle "CBM 147 Extra"]
[Source "ChessBase"]
[SourceDate "2012.04.24"]
[SourceVersion "1"]
[SourceVersionDate "2012.04.24"]
[SourceQuality "1"]

1. d4 d5 2. c4 e6 3. Nc3 c5 4. cxd5 exd5 5. Nf3 Nc6 6. g3 Nf6 7. Bg2 Be7 8. 0-0 0-0 9. dxc5 Bxc5 10. Bg5 d4 11. Bxf6 Qxf6 12. Nd5 Qd8 13. Nd2 Re8 14. Nb3 Bb6 15. Rc1 Bg4 16. Re1 Qd6 17. Nd2 Rad8 18. Nc4 Qh6 19. Nf4 Bc7 20. Nd3 Qh5 21. Rc2 Re6 22. Qd2 g5 23. h3 Bxh3 24. Bxh3 Qxh3 25. Qxg5+ Rg6 26. Nf4 Bxf4 27. Qxf4 Rh6 28. Qf3 Qh2+ 0-1

[Event "Verbandsliga Nord Baden 0910"]
[Site "Baden"]
[Date "2010.11.21"]
[Round "3.1"]
[White "Hauser, Carlos"]
[Black "Braun, Joachim"]
[Result "1/2-1/2"]
[WhiteElo "2216"]
[BlackElo "2147"]
[PlyCount "106"]
[EventDate "2010.10.17"]
[EventType "team-tourn"]
[EventRounds "9"]
[EventCountry "GER"]
[SourceTitle "EXT 2012"]
[Source "ChessBase"]
[SourceDate "2011.11.24"]
[SourceVersion "1"]
[SourceVersionDate "2011.11.24"]
[SourceQuality "1"]
[WhiteTeam "Walldorf"]
[BlackTeam "Birkenfeld"]
[WhiteTeamCountry "GER"]
[BlackTeamCountry "GER"]

1. d4 Nf6 2. c4 e6 3. Nc3 Bb4 4. e3 c5 5. a3 Bxc3+ 6. bxc3 b6 7. Bd3 Bb7 8. Nf3 d6 9. Qc2 Nc6 10. e4 e5 11. 0-0 h6 12. Bb2 0-0 13. Rae1 Qd7 14. Nh4 Ne7 15. f4 Ng6 16. fxe5 dxe5 17. Nxg6 fxg6 18. d5 Rf7 19. Rf3 Raf8 20. Ref1 Ne8 21. a4 a5 22. Qb3 Qd8 23. Bc1 Nd6 24. Be3 Bc8 25. Rxf7 Rxf7 26. Rb1 Rb7 27. Qc2 Bd7 28. Bf2 Qe8 29. Ra1 Rb8 30. Bg3 Bc8 31. Qe2 Rb7 32. Rf1 Nf7 33. Bc2 Nd6 34. h3 Rf7 35. Rb1 Rb7 36. Rf1 Re7 37. Rb1 Qd8 38. Kf2 Ba6 39. Bd3 Nf7 40. Qb2 Rb7 41. Rf1 Qe8 42. Qb3 Nd6 43. Qa2 Qe7 44. Qe2 Qe8 45. Qa2 Rb8 46. Qe2 Bc8 47. Bc2 Bd7 48. Rb1 Nf7 49. Qd1 Qe7 50. Qe2 Kf8 51. Rf1 Kg8 52. Rb1 Kf8 53. Rf1 Kg8 1/2-1/2

[Event "Verbandsliga Nord Baden 0910"]
[Site "Germany"]
[Date "2010.04.25"]
[Round "9.1"]
[White "Hauser, Carlos"]
[Black "Remmler, Hans Peter"]
[Result "1/2-1/2"]
[WhiteElo "2216"]
[BlackElo "2214"]
[PlyCount "57"]
[EventDate "2009.10.11"]
[EventType "team-tourn"]
[EventRounds "9"]
[EventCountry "GER"]
[SourceTitle "EXT 2011"]
[Source "ChessBase"]
[SourceDate "2010.11.26"]
[SourceVersion "1"]
[SourceVersionDate "2010.11.26"]
[SourceQuality "1"]
[WhiteTeam "Walldorf"]
[BlackTeam "Pforzheim"]
[WhiteTeamCountry "GER"]
[BlackTeamCountry "GER"]

1. d4 d5 2. c4 dxc4 3. Nf3 Nf6 4. e3 e6 5. Bxc4 c5 6. 0-0 a6 7. dxc5 Qxd1 8. Rxd1 Bxc5 9. Kf1 Ke7 10. Nc3 b5 11. Be2 Bb7 12. Nd4 Rd8 13. Nb3 Rxd1+ 14. Bxd1 Bb6 15. Bd2 Nbd7 16. f3 Ne5 17. Be2 Rd8 18. Rd1 Nc4 19. Bxc4 bxc4 20. Na1 Bc7 21. h3 Be5 22. Ke1 Nd5 23. Nxd5+ Rxd5 24. Bb4+ Kd7 25. Bc3 Bxc3+ 26. bxc3 Rxd1+ 27. Kxd1 Bc6 28. Kc1 Ba4 29. Nc2 1/2-1/2